[Event "XXVI Ogolnopolska Olimpiada Mlodziezy"]
[Site "Pulawy"]
[Date "2020.10.09"]
[Round "7.19"]
[White "Jaros, Emilia"]
[Black "Mansz, Martyna"]
[Result "1-0"]
[WhiteElo "1295"]
[BlackElo "1054"]
[PlyCount "122"]
[EventDate "2020.10.04"]
[EventType "swiss"]
[Tiebreak "Sum of Buchholz+Median1 Buchholz+Sonneborn-Berger (Swiss)"]

1. e4 e5 2. Nf3 Nf6 3. Nc3 d6 4. h3 Be6 5. d4 exd4 6. Nxd4 Bd7 7. Bc4 Nc6 8.
Bf4 Be7 9. O-O O-O 10. Re1 Ne5 11. Bxe5 dxe5 12. Nf3 Bd6 13. Nb5 Bxb5 14. Bxb5
a6 15. Bc4 b5 16. Bb3 Qe7 17. Nh4 g6 18. Qf3 Nh5 19. g3 c5 20. Bd5 Rad8 21. Nf5
Qd7 22. Nh6+ Kg7 23. Ng4 f5 24. exf5 Qxf5 25. Qxf5 Rxf5 26. Be4 Rff8 27. Rad1
Bc7 28. c3 Nf6 29. Nxf6 Kxf6 30. a3 a5 31. Kg2 Ke6 32. h4 c4 33. Bc6 Rb8 34.
Rd7 Bb6 35. f4 Rf5 36. Rxe5+ Rxe5 37. fxe5 Kxe5 38. Rd5+ Ke6 39. Rxb5 Kd6 40.
Bd5 h6 41. Bxc4 Kc6 42. Re5 Bc5 43. b4 axb4 44. axb4 Bf8 45. Re6+ Kd7 46. Rxg6
Rc8 47. Be6+ Kd8 48. Bxc8 Kxc8 49. g4 Kd7 50. g5 hxg5 51. hxg5 Ke7 52. b5 Kf7
53. Rf6+ Kg7 54. Rxf8 Kxf8 55. b6 Kg7 56. b7 Kg6 57. b8=Q Kxg5 58. c4 Kf5 59.
c5 Ke6 60. c6 Kd5 61. c7 Kd4 1-0

[Event "XXVI Ogolnopolska Olimpiada Mlodziezy"]
[Site "Pulawy"]
[Date "2020.10.09"]
[Round "7.19"]
[White "Kokot, Agnieszka"]
[Black "Biniak, Zuzanna"]
[Result "1/2-1/2"]
[WhiteElo "1244"]
[BlackElo "1339"]
[PlyCount "68"]
[EventDate "2020.10.04"]
[EventType "swiss"]
[Tiebreak "Sum of Buchholz+Median1 Buchholz+Sonneborn-Berger (Swiss)"]

1. d4 Nf6 2. Nf3 g6 3. c4 d6 4. Nc3 Bg7 5. g3 O-O 6. Bg2 c6 7. h3 Nbd7 8. O-O
e5 9. e4 Qc7 10. Re1 a6 11. Be3 Re8 12. Qc2 Nf8 13. Rac1 Bd7 14. Re2 Qc8 15.
Kh2 b5 16. dxe5 dxe5 17. c5 Qc7 18. b4 Ne6 19. Rd1 Rad8 20. Red2 Bf8 21. Rd3
Bc8 22. Rxd8 Rxd8 23. Rxd8 Nxd8 24. Qd3 Ne6 25. Ng1 Nh5 26. Nge2 a5 27. a3 a4
28. Qd2 Bg7 29. Nd1 Qd7 30. Qxd7 Bxd7 31. f4 Nd8 32. g4 Nxf4 33. Nxf4 exf4 34.
Bxf4 Ne6 1/2-1/2

[Event "XXVI Ogolnopolska Olimpiada Mlodziezy"]
[Site "Pulawy"]
[Date "2020.10.09"]
[Round "7.19"]
[White "Kusiak, Mateusz"]
[Black "Zalega, Maciej"]
[Result "1/2-1/2"]
[WhiteElo "1578"]
[BlackElo "1713"]
[PlyCount "96"]
[EventDate "2020.10.04"]
[EventType "swiss"]
[Tiebreak "Sum of Buchholz+Median1 Buchholz+Sonneborn-Berger (Swiss)"]

1. d4 Nf6 2. Bg5 e6 3. e4 h6 4. Bxf6 Qxf6 5. c3 d6 6. Nf3 e5 7. Nbd2 g6 8. Bc4
Nd7 9. O-O Bg7 10. Qe2 O-O 11. h3 Re8 12. Rfe1 Nf8 13. Nb3 g5 14. Nh2 Ng6 15.
Ng4 Qe7 16. g3 Kh8 17. Qf3 Rf8 18. Bf1 f5 19. exf5 Rxf5 20. Qe4 Qf7 21. Bd3 d5
22. Qg2 e4 23. Bc2 b6 24. Ne3 Rf6 25. Nxd5 Re6 26. Bxe4 Bb7 27. Qf3 Qd7 28. Bf5
Rxe1+ 29. Rxe1 Bxd5 30. Qd3 Qa4 31. Bxg6 Qxa2 32. c4 Bg8 33. Re7 b5 34. Bh5
Bxc4 35. Qg6 Rg8 36. Nd2 Qxb2 37. Nxc4 Qc1+ 38. Kh2 Qxc4 39. Re8 Rxe8 40. Qxe8+
Qg8 41. Qxb5 Bxd4 42. Qf5 Bg7 43. Bf7 Qf8 44. Qb5 Bd4 45. Bh5 Qg8 46. Qc6 Bxf2
47. Qxh6+ Qh7 48. Qf8+ Qg8 1/2-1/2

[Event "XXVI Ogolnopolska Olimpiada Mlodziezy"]
[Site "Pulawy"]
[Date "2020.10.09"]
[Round "7.20"]
[White "Micula, Jakub"]
[Black "Glaz, Michal"]
[Result "1-0"]
[WhiteElo "1370"]
[BlackElo "1180"]
[PlyCount "115"]
[EventDate "2020.10.04"]
[EventType "swiss"]
[Tiebreak "Sum of Buchholz+Median1 Buchholz+Sonneborn-Berger (Swiss)"]

1. e4 c5 2. Nf3 e6 3. c4 d6 4. Nc3 a6 5. Be2 Nf6 6. O-O Be7 7. d4 O-O 8. d5 e5
9. h3 Nbd7 10. Qd3 Nb6 11. Nh2 Re8 12. Qg3 Bf8 13. Bg5 g6 14. f4 exf4 15. Rxf4
Be7 16. Bh4 Nfd7 17. Ng4 Bxh4 18. Nh6+ Kg7 19. Nf5+ Kh8 20. Nxh4 g5 21. Rxf7
Ne5 22. Raf1 Nxf7 23. Rxf7 Rf8 24. Rxf8+ Qxf8 25. Qxg5 Bd7 26. Nf5 Bxf5 27.
exf5 Qf7 28. Ne4 Qg7 29. Qxg7+ Kxg7 30. Nxd6 Rb8 31. Bd3 Kf6 32. Ne4+ Kf7 33.
Nxc5 Ke7 34. Ne4 Nd7 35. g4 Nf6 36. d6+ Kf7 37. Ng5+ Kg8 38. Ne6 Nd7 39. Be4 b6
40. Bd5 Kh8 41. b3 a5 42. Kf2 Nf6 43. Ke3 h6 44. Kd4 Kg8 45. h4 Kf7 46. g5 hxg5
47. hxg5 Nd7 48. Nc5+ Ke8 49. Nxd7 Kxd7 50. g6 Kxd6 51. g7 Ke7 52. Ke5 Re8 53.
Be6 a4 54. f6+ Kd8 55. f7 axb3 56. fxe8=Q+ Kxe8 57. Kd6 bxa2 58. g8=R# 1-0

[Event "XXVI Ogolnopolska Olimpiada Mlodziezy"]
[Site "Pulawy"]
[Date "2020.10.09"]
[Round "7.20"]
[White "Myrmus, Mateusz"]
[Black "Kutowski, Marcel"]
[Result "1/2-1/2"]
[WhiteElo "1826"]
[BlackElo "1712"]
[PlyCount "97"]
[EventDate "2020.10.04"]
[EventType "swiss"]
[Tiebreak "Sum of Buchholz+Median1 Buchholz+Sonneborn-Berger (Swiss)"]

1. e4 c5 2. c3 Nf6 3. e5 Nd5 4. d4 cxd4 5. Nf3 Nc6 6. cxd4 d6 7. Be2 Bg4 8. O-O
e6 9. Re1 Be7 10. Nc3 Nxc3 11. bxc3 dxe5 12. Nxe5 Bxe2 13. Qxe2 Nxe5 14. Qxe5
O-O 15. Re3 Bf6 16. Qe4 Qd7 17. Rh3 g6 18. Qf4 Bh8 19. Ba3 Rfe8 20. Re1 Rac8
21. g4 f5 22. gxf5 exf5 23. Rhe3 Bf6 24. Qd6 Qxd6 25. Rxe8+ Rxe8 26. Rxe8+ Kf7
27. Bxd6 Kxe8 28. f4 Kd7 29. Bb8 a6 30. Kf2 Kc6 31. Ke3 Kd5 32. Kd3 b5 33. Be5
Be7 34. Bb8 Bf8 35. Be5 Bh6 36. h3 Bf8 37. Bb8 Be7 38. Be5 Bh4 39. Bg7 Bd8 40.
Be5 Be7 41. Bh8 Bf8 42. Bf6 h5 43. Be5 Bh6 44. Bc7 g5 45. fxg5 Bxg5 46. Bg3 Bh6
47. Bh2 Bg5 48. Bg3 Bh6 49. Bh2 {Ke5 Ke4+} 1/2-1/2

[Event "XXVI Ogolnopolska Olimpiada Mlodziezy"]
[Site "Pulawy"]
[Date "2020.10.09"]
[Round "7.20"]
[White "Olszewska, Wiktoria"]
[Black "Mazurek, Maja"]
[Result "1/2-1/2"]
[WhiteElo "1317"]
[BlackElo "1220"]
[PlyCount "93"]
[EventDate "2020.10.04"]
[EventType "swiss"]
[Tiebreak "Sum of Buchholz+Median1 Buchholz+Sonneborn-Berger (Swiss)"]

1. e4 d5 2. exd5 Qxd5 3. Nc3 Qd6 4. d4 Nf6 5. Nf3 Bg4 6. h3 Bh5 7. g4 Bg6 8.
Ne5 c6 9. Bg2 e6 10. Nxg6 hxg6 11. Qd3 Nbd7 12. Be3 Qc7 13. O-O-O O-O-O 14. Qe2
Bd6 15. Kb1 Nb6 16. Rhe1 Bb4 17. Rd3 Nbd5 18. Nxd5 Nxd5 19. c3 Bd6 20. Bg5 Rde8
21. Bd2 Bf4 22. Bxd5 cxd5 23. Bxf4 Qxf4 24. Rf3 Qc7 25. c4 Kd8 26. c5 Re7 27.
Re3 Qf4 28. Qd2 a6 29. R1e2 Qc7 30. Qc3 Rhe8 31. Qe1 Kd7 32. f3 Rh8 33. Qf1
Rhe8 34. Qe1 f6 35. Qd1 e5 36. dxe5 Rxe5 37. Rxe5 Rxe5 38. Rc2 Qc6 39. Rc3 Kc7
40. b4 Re7 41. Rd3 Rd7 42. Qd2 Kd8 43. Rd4 Qe6 44. Kc2 f5 45. a3 Ke8 46. Rd3
Kd8 47. Re3 1/2-1/2

[Event "XXVI Ogolnopolska Olimpiada Mlodziezy"]
[Site "Pulawy"]
[Date "2020.10.09"]
[Round "7.21"]
[White "Gawlik, Olivier"]
[Black "Duda, Leon"]
[Result "0-1"]
[WhiteElo "1115"]
[BlackElo "1388"]
[PlyCount "64"]
[EventDate "2020.10.04"]
[EventType "swiss"]
[Tiebreak "Sum of Buchholz+Median1 Buchholz+Sonneborn-Berger (Swiss)"]

1. c4 c5 2. Nc3 Nc6 3. g3 g6 4. Bg2 Bg7 5. Nf3 e5 6. d3 Nge7 7. Bg5 O-O 8. Nd5
f6 9. Nxe7+ Qxe7 10. Bd2 d6 11. h4 h6 12. Qc1 Kh7 13. Qc2 a6 14. O-O-O Bd7 15.
Bh3 b5 16. Bxd7 Qxd7 17. Rdg1 f5 18. Rg2 bxc4 19. Qxc4 d5 20. Qxc5 e4 21. Ne1
Nd4 22. Kb1 Rfc8 23. Qa3 Rab8 24. b3 Nb5 25. Qa5 Qc6 26. Rgg1 Bc3 27. Bxc3
Nxc3+ 28. Kb2 Nd1+ 29. Ka3 Qc1+ 30. Ka4 Nb2+ 31. Ka3 Nc4+ 32. Ka4 Qa3# 0-1

[Event "XXVI Ogolnopolska Olimpiada Mlodziezy"]
[Site "Pulawy"]
[Date "2020.10.09"]
[Round "7.21"]
[White "Kicinska, Magdalena"]
[Black "Szczotka, Matylda"]
[Result "1/2-1/2"]
[WhiteElo "1216"]
[BlackElo "1306"]
[PlyCount "93"]
[EventDate "2020.10.04"]
[EventType "swiss"]
[Tiebreak "Sum of Buchholz+Median1 Buchholz+Sonneborn-Berger (Swiss)"]

1. d4 d5 2. Nf3 Nf6 3. Bg5 e6 4. Nbd2 Be7 5. e3 h6 6. Bxf6 Bxf6 7. Bd3 Nd7 8.
O-O O-O 9. Re1 e5 10. dxe5 Nxe5 11. Nxe5 Bxe5 12. c3 f5 13. Nf3 Bd6 14. Nd4 f4
15. Qf3 Qg5 16. h4 Qe5 17. exf4 Qxf4 18. Qxd5+ Kh8 19. Nf3 Bg4 20. Qe4 Rf5 21.
Kf1 Raf8 22. Qe3 Qxe3 23. Rxe3 Rf4 24. Be4 Bc5 25. Re2 Bxf3 26. Bxf3 Rxh4 27.
g3 Rc4 28. Bxb7 Rg4 29. Kg2 Rg5 30. f4 Rxf4 31. b4 Bd6 32. Re8+ Rf8 33. Rxf8+
Bxf8 34. Rf1 Bd6 35. Rf3 h5 36. Kh3 Kh7 37. Be4+ Kh6 38. a4 Rg4 39. Bd3 Be5 40.
c4 Bd6 41. b5 Rd4 42. a5 Bb4 43. a6 Bd6 44. Be2 Re4 45. Bd3 Rd4 46. Bf1 Rg4 47.
Bd3 1/2-1/2

[Event "XXVI Ogolnopolska Olimpiada Mlodziezy"]
[Site "Pulawy"]
[Date "2020.10.09"]
[Round "7.21"]
[White "Serewa, Antoni"]
[Black "Ciszewski, Krzysztof"]
[Result "1/2-1/2"]
[WhiteElo "1447"]
[BlackElo "1784"]
[PlyCount "61"]
[EventDate "2020.10.04"]
[EventType "swiss"]
[Tiebreak "Sum of Buchholz+Median1 Buchholz+Sonneborn-Berger (Swiss)"]

1. d4 Nf6 2. c4 g6 3. Nc3 Bg7 4. Nf3 O-O 5. Bg5 d6 6. e3 c5 7. d5 Na6 8. Be2
Bd7 9. O-O Nc7 10. Qc2 a6 11. a4 Rb8 12. a5 b6 13. axb6 Rxb6 14. Nd2 Qb8 15.
Ra2 Qb7 16. b3 Rb8 17. h3 Rb4 18. Ra5 Qc8 19. Kh2 Qd8 20. Ra3 Qe8 21. e4 Qc8
22. Bh4 Kf8 23. Qd3 Kg8 24. f4 Qe8 25. e5 Bf5 26. Qe3 Nd7 27. Bg3 Bh6 28. exd6
exd6 29. Qf3 Nf6 30. Re1 Qd7 31. Bd3 1/2-1/2

[Event "XXVI Ogolnopolska Olimpiada Mlodziezy"]
[Site "Pulawy"]
[Date "2020.10.09"]
[Round "7.22"]
[White "Czarkowska, Dalia"]
[Black "Wesolowska, Liliana"]
[Result "1-0"]
[WhiteElo "1087"]
[BlackElo "1033"]
[PlyCount "103"]
[EventDate "2020.10.04"]
[EventType "swiss"]
[Tiebreak "Sum of Buchholz+Median1 Buchholz+Sonneborn-Berger (Swiss)"]

1. e4 d6 2. d4 Nf6 3. Nc3 e5 4. d5 Be7 5. Be3 O-O 6. Qd2 c6 7. Bd3 b6 8. Nh3
Bb7 9. dxc6 Nxc6 10. Nd5 Nxd5 11. exd5 Nb8 12. Ng5 Bxg5 13. Bxg5 f6 14. Be3
Bxd5 15. Bxh7+ Kxh7 16. Qd3+ Kh8 17. Qxd5 Na6 18. O-O Qc7 19. c3 Rad8 20. f4
exf4 21. Rxf4 Qf7 22. Rh4+ Kg8 23. Qf5 g6 24. Rg4 Kg7 25. Qh5 Rh8 26. Qf5 Rdg8
27. Bd4 Rh6 28. Rf1 Rf8 29. b3 Qe7 30. h4 Nc7 31. h5 Qf7 32. Rxg6+ Rxg6 33.
hxg6 Qxg6 34. Qd7+ Rf7 35. Qxd6 Nb5 36. Qd5 Nxd4 37. Qxd4 Kg8 38. Qc4 Qg5 39.
Rf4 Qc5+ 40. Qxc5 bxc5 41. Rf5 Kg7 42. Rxc5 Kg6 43. a4 f5 44. b4 Kg5 45. b5 Kg4
46. Kf2 Rd7 47. Rc4+ f4 48. Rd4 Rc7 49. c4 Re7 50. c5 Kg5 51. c6 Rc7 52. Rd7
1-0

[Event "XXVI Ogolnopolska Olimpiada Mlodziezy"]
[Site "Pulawy"]
[Date "2020.10.09"]
[Round "7.22"]
[White "Dumin, Karolina"]
[Black "Golinska, Patrycja"]
[Result "1/2-1/2"]
[WhiteElo "1014"]
[BlackElo "1264"]
[PlyCount "67"]
[EventDate "2020.10.04"]
[EventType "swiss"]
[Tiebreak "Sum of Buchholz+Median1 Buchholz+Sonneborn-Berger (Swiss)"]

1. d4 Nf6 2. c4 e6 3. Nc3 Bb4 4. Qc2 O-O 5. Nf3 d5 6. e3 c5 7. Bd2 Nc6 8. a3
Bxc3 9. Bxc3 cxd4 10. Nxd4 Nxd4 11. Bxd4 dxc4 12. Bxc4 Bd7 13. O-O Rc8 14. Qd3
Bc6 15. Rac1 a6 16. Qe2 Re8 17. Rfd1 Qe7 18. b4 Red8 19. Bb6 Rxd1+ 20. Rxd1 Ne4
21. Qd3 Qh4 22. Qd8+ Rxd8 23. Rxd8+ Qxd8 24. Bxd8 Nd2 25. Bd3 Ne4 26. Bxe4 Bxe4
27. f4 f5 28. Kf2 b5 29. h3 h5 30. g3 g6 31. h4 Kf7 32. Ke2 Ke8 33. Bb6 Kd7 34.
Bc5 1/2-1/2

[Event "XXVI Ogolnopolska Olimpiada Mlodziezy"]
[Site "Pulawy"]
[Date "2020.10.09"]
[Round "7.22"]
[White "Hryniewicz, Maciej"]
[Black "Tarlowski, Bartosz"]
[Result "1/2-1/2"]
[WhiteElo "1277"]
[BlackElo "1145"]
[PlyCount "62"]
[EventDate "2020.10.04"]
[EventType "swiss"]
[Tiebreak "Sum of Buchholz+Median1 Buchholz+Sonneborn-Berger (Swiss)"]

1. e4 e5 2. Nf3 Nf6 3. Nxe5 d6 4. Nf3 Nxe4 5. d3 Nf6 6. d4 d5 7. Bd3 Be7 8. O-O
O-O 9. Bg5 Bg4 10. Nbd2 h6 11. Bh4 Nc6 12. c3 Re8 13. Re1 Qd7 14. Qc2 Bxf3 15.
Nxf3 a6 16. Bf5 Qd8 17. Bxf6 Bxf6 18. Rxe8+ Qxe8 19. Qb3 Ne7 20. Bd3 Qc6 21.
Re1 Ng6 22. Qc2 Nf4 23. Qd2 Nxd3 24. Qxd3 Qb5 25. Qc2 a5 26. a4 Qc6 27. Qb3 b6
28. Ne5 Bxe5 29. Rxe5 Re8 30. Rxe8+ Qxe8 31. Kf1 Qc6 1/2-1/2

[Event "XXVI Ogolnopolska Olimpiada Mlodziezy"]
[Site "Pulawy"]
[Date "2020.10.09"]
[Round "7.22"]
[White "Kejna, Piotr"]
[Black "Drzewiecki, Milosz"]
[Result "1-0"]
[WhiteElo "1772"]
[BlackElo "1246"]
[PlyCount "97"]
[EventDate "2020.10.04"]
[EventType "swiss"]
[Tiebreak "Sum of Buchholz+Median1 Buchholz+Sonneborn-Berger (Swiss)"]

1. Nf3 Nc6 2. c4 e5 3. Nc3 Nf6 4. d3 Bc5 5. g3 O-O 6. Bg2 d6 7. O-O Be6 8. Bg5
h6 9. Bxf6 Qxf6 10. Ne4 Qe7 11. Nxc5 dxc5 12. Nd2 Nd4 13. Re1 Rab8 14. Nb3 b5
15. Nxd4 cxd4 16. cxb5 Rxb5 17. Qa4 Rxb2 18. Qxa7 Bg4 19. Kf1 f5 20. Rac1 Rc8
21. Qc5 Qf6 22. Bb7 Rb8 23. Bd5+ Kh8 24. Qxc7 f4 25. Qf7 Qg5 26. h4 Bh3+ 27.
Kg1 Qg4 28. Bf3 Qe6 29. Qxe6 Bxe6 30. a4 fxg3 31. fxg3 Ra2 32. Ra1 Rbb2 33. a5
Rb5 34. Rxa2 Bxa2 35. a6 Ra5 36. Bb7 Be6 37. Rc1 Bg4 38. Rc2 Ra4 39. Rc5 Ra2
40. Rxe5 Ra4 41. Re8+ Kh7 42. Be4+ g6 43. Re7+ Kg8 44. a7 Kf8 45. Rc7 Ra1+ 46.
Kg2 Bxe2 47. a8=Q+ Rxa8 48. Bxa8 Bxd3 49. Rd7 1-0

[Event "XXVI Ogolnopolska Olimpiada Mlodziezy"]
[Site "Pulawy"]
[Date "2020.10.09"]
[Round "7.23"]
[White "Jablonski, Dawid"]
[Black "Stepinski, Piotr"]
[Result "1-0"]
[WhiteElo "1200"]
[BlackElo "1197"]
[PlyCount "105"]
[EventDate "2020.10.04"]
[EventType "swiss"]
[Tiebreak "Sum of Buchholz+Median1 Buchholz+Sonneborn-Berger (Swiss)"]

1. d4 Nf6 2. c4 c5 3. e3 cxd4 4. exd4 e6 5. Nc3 Bb4 6. g3 Bxc3+ 7. bxc3 d5 8.
Ba3 Nc6 9. cxd5 Nxd5 10. Ne2 Nde7 11. Bg2 Bd7 12. O-O O-O 13. Qd3 Re8 14. f4
Nd5 15. c4 Nf6 16. Nc3 Rc8 17. Nb5 Rb8 18. Rab1 b6 19. Rfe1 Na5 20. Rec1 Bxb5
21. cxb5 Nd5 22. Rc2 Rc8 23. Rxc8 Qxc8 24. Rc1 Qd7 25. Bb2 Rc8 26. a4 Rxc1+ 27.
Bxc1 Qc7 28. Qd1 Qc4 29. Bf1 Qb4 30. Kg2 Qb1 31. Kf2 Qb4 32. Kg2 h6 33. Bd3 Nc4
34. Qe2 Nd6 35. Qd1 Kh8 36. Bc2 Nc4 37. Qd3 Kg8 38. f5 exf5 39. Bb3 g5 40. Qxc4
Qe1 41. Qc8+ Kg7 42. Qxf5 Nf4+ 43. gxf4 Qe2+ 44. Kg3 Qe1+ 45. Kf3 Qh1+ 46. Ke2
Qg2+ 47. Kd1 Qf1+ 48. Kc2 Qg2+ 49. Kb1 gxf4 50. Qxf7+ Kh8 51. Qf8+ Kh7 52. Bc2+
Qxc2+ 53. Kxc2 1-0

[Event "XXVI Ogolnopolska Olimpiada Mlodziezy"]
[Site "Pulawy"]
[Date "2020.10.09"]
[Round "7.23"]
[White "Podlewski, Szymon"]
[Black "Karut, Kacper"]
[Result "1-0"]
[WhiteElo "1526"]
[BlackElo "1657"]
[PlyCount "65"]
[EventDate "2020.10.04"]
[EventType "swiss"]
[Tiebreak "Sum of Buchholz+Median1 Buchholz+Sonneborn-Berger (Swiss)"]

1. e4 c5 2. Nf3 d6 3. d4 cxd4 4. Nxd4 Nf6 5. Nc3 Nc6 6. Bb5 Bd7 7. Bg5 e6 8.
O-O Be7 9. Re1 O-O 10. Nxc6 Bxc6 11. Bxc6 bxc6 12. Qd2 Rb8 13. Rab1 d5 14. exd5
cxd5 15. Qd4 Qa5 16. a3 Rfc8 17. h3 Rc4 18. Qd3 Rbc8 19. Bd2 Qc7 20. Nb5 Qb6
21. Nc3 Nd7 22. Nxd5 exd5 23. Rxe7 Nf6 24. c3 Qc5 25. Qe3 d4 26. cxd4 Qb5 27.
Qe5 Qb3 28. Bg5 Qb6 29. Re1 Qc6 30. d5 Qb5 31. Bxf6 gxf6 32. Qxf6 Rf8 33. R7e5
1-0

[Event "XXVI Ogolnopolska Olimpiada Mlodziezy"]
[Site "Pulawy"]
[Date "2020.10.09"]
[Round "7.23"]
[White "Tim, Anna"]
[Black "Brelinska, Matylda"]
[Result "1-0"]
[WhiteElo "1237"]
[BlackElo "1180"]
[PlyCount "67"]
[EventDate "2020.10.04"]
[EventType "swiss"]
[Tiebreak "Sum of Buchholz+Median1 Buchholz+Sonneborn-Berger (Swiss)"]

1. d4 Nf6 2. c4 g6 3. Nc3 d5 4. Bf4 a6 5. e3 Bg7 6. Nf3 O-O 7. Bd3 Nc6 8. a3
Be6 9. cxd5 Nxd5 10. Nxd5 Qxd5 11. e4 Qa5+ 12. Bd2 Qb6 13. d5 Qxb2 14. Rb1 Qxa3
15. Qc2 Rad8 16. O-O Ne5 17. Nxe5 Bxe5 18. Bb4 Qxb4 19. Rxb4 Bd7 20. f4 Bd6 21.
Rxb7 e6 22. f5 exd5 23. f6 dxe4 24. Qc1 Bc5+ 25. Kh1 e3 26. Qxc5 h6 27. Qxe3
Kh7 28. Rb4 Rde8 29. Qd2 h5 30. Rh4 Re5 31. Bxg6+ fxg6 32. Qxd7+ Kh6 33. Qg7+
Kg5 34. Qxf8 1-0

[Event "XXVI Ogolnopolska Olimpiada Mlodziezy"]
[Site "Pulawy"]
[Date "2020.10.09"]
[Round "7.24"]
[White "Brozynski, Patryk"]
[Black "Nocek, Dominik"]
[Result "1-0"]
[WhiteElo "1734"]
[BlackElo "1354"]
[PlyCount "115"]
[EventDate "2020.10.04"]
[EventType "swiss"]
[Tiebreak "Sum of Buchholz+Median1 Buchholz+Sonneborn-Berger (Swiss)"]

1. e4 e5 2. Nf3 Nc6 3. Bb5 a6 4. Ba4 Nf6 5. O-O Be7 6. Re1 b5 7. Bb3 d6 8. a4
b4 9. a5 O-O 10. c3 Rb8 11. Bc4 Bg4 12. h3 Bh5 13. d3 Re8 14. Nbd2 Bf8 15. Nf1
d5 16. exd5 Nxd5 17. Bd2 Qd6 18. Ng3 Bg6 19. Ng5 Rbd8 20. N3e4 Bxe4 21. dxe4 h6
22. Nxf7 Kxf7 23. Bxd5+ Re6 24. Qg4 Ke7 25. Qxe6+ Qxe6 26. Bxe6 Kxe6 27. Be3
bxc3 28. bxc3 Rd3 29. Red1 Rxc3 30. Rac1 Rxc1 31. Rxc1 Nxa5 32. Rxc7 Be7 33.
Ra7 Nc4 34. Rxa6+ Kf7 35. Bc1 Nd6 36. f3 Nb5 37. Be3 Nd4 38. Ra5 Kf6 39. Kf2
Nc2 40. Bc5 Bxc5+ 41. Rxc5 Nd4 42. Ke3 g5 43. Rd5 Ne6 44. g3 h5 45. Rb5 h4 46.
gxh4 gxh4 47. Rb6 Ke7 48. Rxe6+ Kxe6 49. f4 Kf6 50. fxe5+ Ke7 51. Kf4 Ke6 52.
Kg4 Kxe5 53. Kxh4 Kf4 54. Kh5 Kxe4 55. Kg6 Ke5 56. h4 Ke6 57. h5 Ke7 58. Kg7
1-0

[Event "XXVI Ogolnopolska Olimpiada Mlodziezy"]
[Site "Pulawy"]
[Date "2020.10.09"]
[Round "7.24"]
[White "Feliks, Agnieszka"]
[Black "Kicinska, Anna"]
[Result "1-0"]
[WhiteElo "1149"]
[BlackElo "1170"]
[PlyCount "119"]
[EventDate "2020.10.04"]
[EventType "swiss"]
[Tiebreak "Sum of Buchholz+Median1 Buchholz+Sonneborn-Berger (Swiss)"]

1. e4 c5 2. Nf3 d6 3. d4 cxd4 4. Nxd4 Nf6 5. Nc3 g6 6. Be3 Bg7 7. f3 O-O 8. Qd2
Bd7 9. g4 Nc6 10. O-O-O a6 11. a3 b5 12. h4 h5 13. gxh5 Nxh5 14. Kb1 Rb8 15.
Be2 b4 16. axb4 Nxb4 17. Bh6 Qb6 18. Bxg7 Kxg7 19. Nb3 Be6 20. Qd4+ Qxd4 21.
Nxd4 a5 22. Rhg1 Rfc8 23. Rdf1 Nc6 24. Nxe6+ fxe6 25. f4 Nd4 26. Kc1 Kh6 27.
Bxh5 Kxh5 28. Rg5+ Kh6 29. h5 Rh8 30. Rh1 Kg7 31. Rxg6+ Kf7 32. Rg5 a4 33. h6
a3 34. bxa3 Rbc8 35. Rg7+ Kf6 36. Kd2 Nf3+ 37. Kd3 e5 38. Nd5+ Ke6 39. f5+ Kd7
40. Nb6+ Kc7 41. Nxc8 Kxc8 42. h7 Kd7 43. Rg8 Rxh7 44. Rxh7 Nd4 45. Rgg7 Kc6
46. Rxe7 Kc5 47. Rc7+ Kb6 48. f6 Ne6 49. Rb7+ Ka6 50. Rb4 Nc5+ 51. Ke3 Ne6 52.
Rh8 Ka7 53. f7 d5 54. exd5 Nc7 55. Ra8+ Nxa8 56. f8=Q Nb6 57. Rxb6 Kxb6 58.
Qd6+ Kb5 59. Qb4+ Ka6 60. d6 1-0

[Event "XXVI Ogolnopolska Olimpiada Mlodziezy"]
[Site "Pulawy"]
[Date "2020.10.09"]
[Round "7.24"]
[White "Kozera, Dawid"]
[Black "Leski, Franciszek"]
[Result "1/2-1/2"]
[WhiteElo "1450"]
[BlackElo "1379"]
[PlyCount "60"]
[EventDate "2020.10.04"]
[EventType "swiss"]
[Tiebreak "Sum of Buchholz+Median1 Buchholz+Sonneborn-Berger (Swiss)"]

1. e4 Nf6 2. e5 Nd5 3. c4 Nb6 4. d4 d6 5. exd6 cxd6 6. Nc3 g6 7. Be3 Bg7 8. Rc1
Nc6 9. b3 O-O 10. h4 e5 11. d5 Ne7 12. h5 Nf5 13. Qd2 Nd7 14. Be2 Nxe3 15. Qxe3
f5 16. hxg6 hxg6 17. Nb5 Rf6 18. Nh3 f4 19. Qd2 Nc5 20. Nc3 a5 21. Ng5 Rf8 22.
Nge4 b6 23. Bf3 g5 24. Nxc5 bxc5 25. Be4 Bf5 26. Qd3 Qd7 27. Bxf5 Rxf5 28. Qe4
Raf8 29. f3 g4 30. Ke2 Rg5 1/2-1/2

[Event "XXVI Ogolnopolska Olimpiada Mlodziezy"]
[Site "Pulawy"]
[Date "2020.10.09"]
[Round "7.24"]
[White "Pieczewska, Jadwiga"]
[Black "Karys, Katarzyna"]
[Result "1-0"]
[WhiteElo "1060"]
[BlackElo "1132"]
[PlyCount "119"]
[EventDate "2020.10.04"]
[EventType "swiss"]
[Tiebreak "Sum of Buchholz+Median1 Buchholz+Sonneborn-Berger (Swiss)"]

1. c4 e5 2. Nc3 Nf6 3. g3 Nc6 4. Bg2 Bc5 5. Nf3 d6 6. O-O O-O 7. a3 Be6 8. d3
h6 9. b4 Bb6 10. Bb2 a6 11. Rc1 Qd7 12. e3 Bg4 13. Qd2 Qf5 14. Ne1 Bh3 15. Ne2
Bxg2 16. Kxg2 Rad8 17. e4 Qg4 18. Nf3 Rfe8 19. h3 Qg6 20. a4 a5 21. Bc3 axb4
22. Bxb4 Nxb4 23. Qxb4 Ra8 24. Ra1 Ra5 25. Nc1 Rea8 26. Nb3 R5a7 27. a5 Bd4 28.
Nbxd4 exd4 29. c5 d5 30. Ne5 Qg5 31. f4 Qh5 32. g4 Nxg4 33. hxg4 Qh4 34. Qe1
Qe7 35. c6 b6 36. exd5 Rxa5 37. Rxa5 Rxa5 38. Nc4 Qxe1 39. Rxe1 Rxd5 40. Re7 b5
41. Ne5 f6 42. Nf3 b4 43. Rxc7 b3 44. Rb7 Rd6 45. c7 Rc6 46. Rb8+ Kh7 47. c8=Q
Rxc8 48. Rxc8 b2 49. Rb8 Kg6 50. Rxb2 Kh7 51. Nxd4 Kg8 52. Ne6 Kf7 53. f5 g5
54. fxg6+ Kxe6 55. Rb7 f5 56. g7 fxg4 57. g8=Q+ Kd6 58. Qd8+ Ke6 59. Re7+ Kf6
60. Qf8+ 1-0

[Event "XXVI Ogolnopolska Olimpiada Mlodziezy"]
[Site "Pulawy"]
[Date "2020.10.09"]
[Round "7.25"]
[White "Bartoszczuk, Adam"]
[Black "Kowalski, Witold"]
[Result "1-0"]
[WhiteElo "1439"]
[BlackElo "1330"]
[PlyCount "119"]
[EventDate "2020.10.04"]
[EventType "swiss"]
[Tiebreak "Sum of Buchholz+Median1 Buchholz+Sonneborn-Berger (Swiss)"]

1. e4 c5 2. Nf3 Nc6 3. d4 cxd4 4. Nxd4 g6 5. Nc3 Bg7 6. Be3 Nf6 7. Nxc6 bxc6 8.
e5 Ng8 9. Bd4 Nh6 10. Bd3 Qc7 11. Qe2 O-O 12. O-O c5 13. Nd5 Qd8 14. Bxc5 d6
15. exd6 exd6 16. Ba3 Re8 17. Qd2 Bb7 18. c4 Bxd5 19. cxd5 Re5 20. Bc2 Qe7 21.
Qb4 Rd8 22. Rad1 f5 23. Rde1 Ng4 24. h3 Nh6 25. Rxe5 Bxe5 26. f4 Bg7 27. Re1
Qf6 28. Re6 Qd4+ 29. Qxd4 Bxd4+ 30. Kf1 Nf7 31. Ke2 Bc5 32. Bxc5 dxc5 33. Re7
Nd6 34. a4 Nc8 35. Rc7 Re8+ 36. Kd2 Nd6 37. Rxa7 Nc4+ 38. Kc3 Nb6 39. Kd3 Nxd5
40. Bb3 Re3+ 41. Kc2 Rxb3 42. Kxb3 Nxf4 43. a5 Nxg2 44. a6 f4 45. Rg7+ Kxg7 46.
a7 f3 47. a8=Q Ne1 48. Qa7+ Kh6 49. Qxc5 g5 50. Qf2 Nd3 51. Qxf3 Ne5 52. Qf8+
Kh5 53. Qg7 h6 54. Qxe5 Kh4 55. Qe6 h5 56. Qf5 g4 57. hxg4 hxg4 58. Qf2+ Kh3
59. Qg1 g3 60. Kc3 1-0

[Event "XXVI Ogolnopolska Olimpiada Mlodziezy"]
[Site "Pulawy"]
[Date "2020.10.09"]
[Round "7.25"]
[White "Demski, Michal"]
[Black "Wieckowski, Michal"]
[Result "1/2-1/2"]
[WhiteElo "1809"]
[BlackElo "1494"]
[PlyCount "64"]
[EventDate "2020.10.04"]
[EventType "swiss"]
[Tiebreak "Sum of Buchholz+Median1 Buchholz+Sonneborn-Berger (Swiss)"]

1. e4 c5 2. Nc3 Nc6 3. g3 g6 4. Bg2 Bg7 5. Nge2 d6 6. d3 e6 7. Be3 Nd4 8. Qd2
Ne7 9. Rc1 Nec6 10. O-O O-O 11. Nd1 Qa5 12. Nxd4 Qxd2 13. Bxd2 Nxd4 14. Re1 Rb8
15. c3 Nc6 16. Ne3 Ne5 17. Rb1 Nxd3 18. Red1 b5 19. f4 c4 20. b3 Ba6 21. b4 Bb7
22. g4 Rfd8 23. Nc2 g5 24. fxg5 d5 25. exd5 exd5 26. h3 d4 27. cxd4 Bxg2 28.
Kxg2 Bxd4 29. Ne1 Nf2 30. Rdc1 Rb7 31. Nf3 Bb6 32. Bc3 Nd3 1/2-1/2